Mechanical behavior of materials

Αποθηκεύτηκε σε:
Λεπτομέρειες βιβλιογραφικής εγγραφής
Κύριος συγγραφέας: Courtney, Thomas H.
Μορφή: Βιβλίο
Γλώσσα:English
Δημοσίευση: Boston : McGraw-Hill, c2000.
Έκδοση:2nd ed.
Σειρά:McGraw-Hill series in materials science and engineering
Θέματα:
Ετικέτες: Προσθήκη ετικέτας
Δεν υπάρχουν, Καταχωρήστε ετικέτα πρώτοι!

MARC

LEADER 00000cam a2200000 i 4500
001 1/71966
008 050222s2000 mau| ||| |||| ||eng||
020 |a 0071161716 
035 |l 10076687 
040 |a GR-MyUa  |b gre  |e AACR2 
041 0 |a eng 
082 7 |a 620.11292   |2 (21) 
100 1 |a Courtney, Thomas H. 
245 1 0 |a Mechanical behavior of materials /   |c Thomas H. Courtney. 
250 |a 2nd ed. 
260 |a Boston :   |b McGraw-Hill,   |c c2000. 
300 |a xviii, 733 σ. :   |b εικ. ;   |c 24 εκ. 
490 1 |a (McGraw-Hill series in materials science) 
504 |a Περιλαμβάνει βιβλιογραφίες και ευρετήριο. 
650 0 0 |a Materials  |x Mechanical properties. 
830 0 |a McGraw-Hill series in materials science and engineering 
852 |a INST  |b SYROS  |e 20050222  |h 620.11292 COU  |p 005500004133  |q 005500004133  |t BK  |y 0 
901 |a BIBL5-2005-1 
920 |a ΔΙΕΥΡΥΝΣΗ  |b ΕΠΕΑΕΚ-ΤΜΣΠΣ  |y Σύρος  |z 2004-10 
970 |a Κοντού  |b Παρασκευή  |z 22/02/2005